• 首页
  • 本馆介绍
  • 公告通知
  • 最新文献
  • 馆藏检索
  • 电子资源
  • 读者导购
  • 参考咨询
  • 我的图书馆
  • 登录
  • 详细信息显示
  • 放入我的书架
  • 预约/预借图书
  • 作者相关作品
  • 分类相关作品
  • 丛书相关作品
  • 出版社相关作品

书目信息

  • 表格格式
  • 工作单格式
  • 卡片格式
题名:
光自东方来
    
 
作者: 钱林森 著
分册:  
出版信息: 银川   宁夏人民出版社  2004
页数: 24, 568页
开本: 23cm
丛书名: 跨文化丛书 : 外国作家与中国文化
单 册:
中图分类: I206 , I565.06 , G04
科图分类:
主题词: 比较文学 , 比较文学--中国--法国 , 传统文化 , 现代文化 , 传统文化--关系--现代文化
电子资源:
ISBN: 7-227-02703-1
000 01238oam2 2200349 450
005 20070607071343.25
010    @a7-227-02703-1@dCNY46.00
100    @a20060606d2004 ekmy0chiy0110 ea
101 0  @achi
102    @aCN@b640000
105    @aa z 000zy
200 1  @a光自东方来@Aguang zi dong fang lai@e法国作家与中国文化@f钱林森著
210    @a银川@c宁夏人民出版社@d2004
215    @a24, 568页@c照片@d23cm
225 2  @a跨文化丛书 : 外国作家与中国文化@i法国卷
300    @a南京大学北京大学中国文化书院跨文化研究院合作项目“十五”国家重点图书
330    @a全书以大量翔实的原文资料为基础,勾勒出法国作家在价值层面上对中国文化的交流、误解乃至膜拜等内容。
461  0 @12001 @a跨文化丛书 : 外国作家与中国文化
462  0 @12001 @a法国卷
510 1  @aLa Lumiere Venant de L'est@eLes Ecrivains Francais Etla Culture Chinoise@zeng
517 1  @a法国作家与中国文化@Afa guo zuo jia yu zhong guo wen hua
606 0  @a比较文学
606 0  @a比较文学@y中国@y法国
606 0  @a传统文化
606 0  @a现代文化
606 0  @a传统文化@x关系@x现代文化
690    @aI206@v4
690    @aI565.06@v4
690    @aG04@v3
701  0 @a钱林森@Aqian lin sen@4著
801  0 @aCN@bTAOJIN@c20070607
905    @a10447@dG04@e64
    
    光自东方来:法国作家与中国文化/钱林森著 .-银川:宁夏人民出版社,2004
    24, 568页:照片;23cm.-(跨文化丛书 : 外国作家与中国文化.法国卷)
    南京大学北京大学中国文化书院跨文化研究院合作项目“十五”国家重点图书
    
    ISBN 7-227-02703-1:CNY46.00
    全书以大量翔实的原文资料为基础,勾勒出法国作家在价值层面上对中国文化的交流、误解乃至膜拜等内容。
●
相关链接 在E读中查询图书 在五车中查询图书 在当当中查询图书 在豆瓣中查询图书


正题名:光自东方来     索取号:G04/64         预约/预借

序号 登录号 条形码 馆藏地/架位号 状态 备注
1 0527230   205272300   第一样本阅览室/ [索取号:G04/64] 在馆    
2 0527231   205272319   第四借阅区/ [索取号:G04/64] 在馆    
3 0527232   205272328   第四借阅区/ [索取号:G04/64] 在馆    
唐山师范学院图书馆 欢迎您!
大连网信软件有限公司© 版权所有